000 00611cam a2200229 4500
001 J109241
008 000000n2000 000 0 eng u
035 _a(Sirsi) u109241
050 _a333.335
110 _aFPDSavills
_93625
245 _aNew sources of rural property grants in England - July 2000
260 _aLondon
_bFPD Savills
_c2000
300 _a4p. ; 30cm
650 _aGRANTS
650 _aRURAL ENTERPRISE SCHEMES
650 _aRURAL DEVELOPMENT
650 _aFARMING
650 _aAGRICULTURAL PROPERTY
650 _aRURAL DEVELOPMENT GRANTS
690 _aRural
_96268
942 _n0
999 _c100912
_d100912